00442nam a2200181Ia 4500003000400000005001700004008004100021020001800062040000700080041000800087082001900095100001900114245004700133250000600180260004500186300001600231365001300247OSt20230415094405.0210423s2010 xx 000 0 und d a9788131730706 cAL aeng a658.5 MAHB223 aMAHADEVAN (B). aOperation management: theory and practice. a2 aChennaibPearson Education Pvt Ltdc2010 axxi,650bPB b475cINR